Catalogue des manuscrits du Liban. (Record no. 49004)

MARC details
000 -LEADER
fixed length control field 00745cam a22002411 4500
001 - CONTROL NUMBER
control field ne 66001270
003 - CONTROL NUMBER IDENTIFIER
control field DLC
005 - DATE AND TIME OF LATEST TRANSACTION
control field 20260227111824.0
008 - FIXED-LENGTH DATA ELEMENTS--GENERAL INFORMATION
fixed length control field 781113m19609999le c 000 0 fre
010 ## - LIBRARY OF CONGRESS CONTROL NUMBER
LC control number ne 66001270
025 ## - OVERSEAS ACQUISITION NUMBER
Overseas acquisition number PL480:UAR-6707
035 ## - SYSTEM CONTROL NUMBER
System control number (OCoLC)4367583
040 ## - CATALOGING SOURCE
Original cataloging agency DLC
Transcribing agency TxU
Modifying agency OCoLC
-- DLC
041 0# - LANGUAGE CODE
Language code of text/sound track or separate title freara
042 ## - AUTHENTICATION CODE
Authentication code premarc
050 00 - LIBRARY OF CONGRESS CALL NUMBER
Classification number Z6620.L4
Item number N3
100 1# - MAIN ENTRY--PERSONAL NAME
Personal name Nasrallah, Joseph.
245 10 - TITLE STATEMENT
Title Catalogue des manuscrits du Liban.
260 ## - PUBLICATION, DISTRIBUTION, ETC.
Place of publication, distribution, etc. Harissa,
Name of publisher, distributor, etc. Impr. St. Paul,
Date of publication, distribution, etc. 1958 [i.e. 1960]-
300 ## - PHYSICAL DESCRIPTION
Extent v.
Dimensions 25 cm.
505 1# - FORMATTED CONTENTS NOTE
Formatted contents note t. 1. Bibliothèque des missionaires de Saint Paul, Harissa. Bibliothèque du Séminaire de l'annonciation, ʻAin-Traz.
650 #0 - SUBJECT ADDED ENTRY--TOPICAL TERM
Topical term or geographic name entry element Manuscripts
Geographic subdivision Lebanon
Form subdivision Catalogs.

No items available.

Powered by Koha